Central Library OPAC University of Rajshahi

A manual for the slide rule / (Record no. 50939)

MARC details
000 -LEADER
fixed length control field 00584nam a2200217 a 4500
001 - CONTROL NUMBER
control field 50939
003 - CONTROL NUMBER IDENTIFIER
rucl marc code BD-RjUL
005 - DATE AND TIME OF LATEST TRANSACTION
control field 20211209075604.0
008 - FIXED-LENGTH DATA ELEMENTS--GENERAL INFORMATION
fixed length control field 160829s1950 nyua 000 0 eng
035 ## - SYSTEM CONTROL NUMBER
System control number (BD-RjUL)51059
040 ## - CATALOGING SOURCE
Original cataloging agency DLC
Transcribing agency MWH
Modifying agency OCoLC
-- DLC
Language of cataloging eng
041 ## - LANGUAGE CODE
Language code of text/sound track or separate title eng
082 ## - DEWEY DECIMAL CLASSIFICATION NUMBER
Classification number 510.78
Author mark and year MAM 1950
100 1# - MAIN ENTRY--PERSONAL NAME
Personal name Machovina, Paul E.
9 (RLIN) 152456
245 02 - TITLE STATEMENT
Title A manual for the slide rule /
Statement of responsibility, etc. Paul E. Machovina
260 ## - PUBLICATION, DISTRIBUTION, ETC. (IMPRINT)
Place of publication, distribution, etc. New York :
Name of publisher, distributor, etc. McGraw-Hill,
Date of publication, distribution, etc. c1950
300 ## - PHYSICAL DESCRIPTION
Pagination 78 p. :
Illustrations ill. ;
Size 23 cm.
650 #0 - SUBJECT ADDED ENTRY--TOPICAL TERM
Topical term or geographic name as entry element Slide-rule.
9 (RLIN) 152457
942 ## - ADDED ENTRY ELEMENTS (KOHA)
Source of classification or shelving scheme Dewey Decimal Classification
Koha item type Books
Holdings
Lost status Source of classification or shelving scheme Damaged status Not for loan Collection code Permanent Location Current Location Shelving location Date acquired Source of acquisition Cost, normal purchase price Total Checkouts Full call number Date last seen Copy number Koha item type
  Dewey Decimal Classification     Non-fiction Central Library, University of Rajshahi Central Library, University of Rajshahi   25/04/1961 Mirza book 4.95   510.78 MAM 1950 29/08/2016 C-2 Books